Anatomy & physiology : (Record no. 12060)

MARC details
000 -LEADER
fixed length control field 00663nam a22002172 4500
001 - CONTROL NUMBER
control field 0000018416
005 - DATE AND TIME OF LATEST TRANSACTION
control field 20151217155220.0
008 - FIXED-LENGTH DATA ELEMENTS--GENERAL INFORMATION
fixed length control field 091028s xx 000 0 eng d
020 ## - INTERNATIONAL STANDARD BOOK NUMBER
International Standard Book Number 0072875062 :
040 ## - CATALOGING SOURCE
Original cataloging agency KABU
Transcribing agency KABU
100 1# - MAIN ENTRY--PERSONAL NAME
Personal name Saladin, Kenneth S.
-- 0000177660
245 10 - TITLE STATEMENT
Title Anatomy & physiology :
Remainder of title the unity of form and function /
Statement of responsibility, etc. Kenneth S. Saladin.
250 ## - EDITION STATEMENT
Edition statement 4th ed.
260 ## - PUBLICATION, DISTRIBUTION, ETC. (IMPRINT)
Place of publication, distribution, etc. New York :
Name of publisher, distributor, etc. McGraw-Hill,
Date of publication, distribution, etc. 2007.
300 ## - PHYSICAL DESCRIPTION
Extent xxxi, 1140 p.
650 #0 - SUBJECT ADDED ENTRY--TOPICAL TERM
Topical term or geographic name as entry element Human physiology.
-- 0000155597
650 #0 - SUBJECT ADDED ENTRY--TOPICAL TERM
Topical term or geographic name as entry element Human anatomy.
-- 0000155598
852 1# - LOCATION
-- p3250 KES
908 ## - PUT COMMAND PARAMETER (RLIN)
Put command parameter 091028
950 ## - LOCAL HOLDINGS (RLIN)
-- 1
Holdings
Withdrawn status Lost status Source of classification or shelving scheme Not for loan Home library Current library Date acquired Total Checkouts Total Renewals Full call number Barcode Date last seen Date last checked out Price effective from Koha item type
    Library of Congress Classification   Kabarak, Main Campus Kabarak, Main Campus 17/12/2015 39 6 QP34.5 .S25 2007 c. 1 18226 04/02/2025 31/01/2025 17/12/2015 General Collection
Designed with assistance from East African Informatics Ltd